| 000 | 00791nam a22002177a 4500 | ||
|---|---|---|---|
| 003 | UA-OsUOA | ||
| 001 | 135977 | ||
| 007 | ta | ||
| 008 | 20190225b un ||||| |||| 00| 0 ukr d | ||
| 090 |
_a902(477.82) _bН74 |
||
| 942 | _cBK | ||
| 040 |
_aUA-OsUOA _bukr _cUA-OsUOA _dUA-OsUOA |
||
| 245 |
_aНовомалин-Подобанка і Кургани-Дубова Поселення трипільської культури на Західній Волині _cА. Дяченко, Д. Круль, А. Кириленко, М. Рибіцька, Д. Вертелецький |
||
| 300 | _a165 с. | ||
| 955 | _a1 | ||
| 041 | _aukr | ||
| 080 | _a902(477.82) | ||
| 260 |
_aЖешув _bURIA _c2016 |
||
| 650 | 7 |
_a9 Географія. Біографії. Історія _2UDC |
|
| 999 |
_c409060 _d409060 |
||